000 00602nam a2200217Ii 4500
001 20421
003 CO-ViMGA
008 241108s9999||||xx |||||||||||||| ||und||
020 _a9788426142184
040 _aCO-ViMGA
_bspa
_erda
_cCO-ViMGA
041 0 _aspa
084 _aC NIV1ni
100 1 _aClaire A. Nivola
_945758
245 1 0 _aNiño estrella
264 1 _aMadrid, España : Editorial Juventud, 2015
300 _avolumen
336 _atext
_btxt
_2rdacontent
337 _aunmediated
_bn
_2rdamedia
338 _avolume
_bnc
_2rdacarrier
940 _aidficha_siabuc: 20076. -- ficha_no_siabuc:20421
999 _c40285
_d40285